<?xml version="1.0" encoding="UTF-8"?>
<record
    xmlns:xsi="http://www.w3.org/2001/XMLSchema-instance"
    xsi:schemaLocation="http://www.loc.gov/MARC21/slim http://www.loc.gov/standards/marcxml/schema/MARC21slim.xsd"
    xmlns="http://www.loc.gov/MARC21/slim">

  <leader>01443nam a22002417a 4500</leader>
  <controlfield tag="003">OSt</controlfield>
  <controlfield tag="005">20250506142218.0</controlfield>
  <controlfield tag="008">250506b           ||||| |||| 00| 0 spa d</controlfield>
  <datafield tag="020" ind1=" " ind2=" ">
    <subfield code="a">9789588763866</subfield>
  </datafield>
  <datafield tag="040" ind1=" " ind2=" ">
    <subfield code="c">CO-Mq BPB</subfield>
  </datafield>
  <datafield tag="041" ind1=" " ind2=" ">
    <subfield code="a">spa</subfield>
  </datafield>
  <datafield tag="082" ind1=" " ind2=" ">
    <subfield code="a">JN</subfield>
    <subfield code="b">CAWc</subfield>
  </datafield>
  <datafield tag="100" ind1=" " ind2=" ">
    <subfield code="a">Cawthon, Scott</subfield>
    <subfield code="e">autor</subfield>
  </datafield>
  <datafield tag="245" ind1=" " ind2=" ">
    <subfield code="a">El Cuarto Armario; Five Nights at Freddy's</subfield>
  </datafield>
  <datafield tag="264" ind1=" " ind2=" ">
    <subfield code="a">Bogot&#xE1;; </subfield>
    <subfield code="b">Penguin Random House,</subfield>
    <subfield code="c">2023</subfield>
  </datafield>
  <datafield tag="300" ind1=" " ind2=" ">
    <subfield code="a">361 p&#xE1;ginas;</subfield>
    <subfield code="b">Tapa rustica</subfield>
    <subfield code="c">21 cm</subfield>
  </datafield>
  <datafield tag="521" ind1=" " ind2=" ">
    <subfield code="a">&#xBF;Qu&#xE9; fue lo que realmente sucedi&#xF3; con Charlie? Esta es la pregunta que John es incapaz de entender, adem&#xE1;s de las constantes pesadillas que tiene en las que Charlie aparece muerto, pero en las que tambi&#xE9;n, milagrosamente, Charlie reaparece. Lo &#xFA;nico que John quiere es olvidar la saga de terror que vivi&#xF3; en la Freddy Fazbear's Pizza, pero el pasado no es tan sencillo de enterrar. Mientras tanto, la apertura de una nueva pizzer&#xED;a en Hurricane trae consigo una nueva ola de secuestros que le suenan muy familiares. Unidos por la p&#xE9;rdida de su ni&#xF1;ez y a rega&#xF1;adientes, John se juntar&#xE1; con Jessica, Marla y Carlton para resolver el caso y encontrar a los ni&#xF1;os desaparecidos. A lo largo del camino, descifrar&#xE1;n el misterio de lo que le sucedi&#xF3; a Charlie y del inquietante legado de las creaciones de su padre.</subfield>
  </datafield>
  <datafield tag="650" ind1=" " ind2=" ">
    <subfield code="a">Terror</subfield>
  </datafield>
  <datafield tag="650" ind1=" " ind2=" ">
    <subfield code="a">Videojuegos </subfield>
  </datafield>
  <datafield tag="650" ind1=" " ind2=" ">
    <subfield code="a">Suspenso</subfield>
  </datafield>
  <datafield tag="700" ind1=" " ind2=" ">
    <subfield code="a">Maqueda, Elia</subfield>
    <subfield code="e">traductora</subfield>
  </datafield>
  <datafield tag="942" ind1=" " ind2=" ">
    <subfield code="2">ddc</subfield>
    <subfield code="c">BKLIT</subfield>
  </datafield>
  <datafield tag="999" ind1=" " ind2=" ">
    <subfield code="c">15929</subfield>
    <subfield code="d">15929</subfield>
  </datafield>
  <datafield tag="952" ind1=" " ind2=" ">
    <subfield code="0">0</subfield>
    <subfield code="1">0</subfield>
    <subfield code="2">ddc</subfield>
    <subfield code="4">0</subfield>
    <subfield code="7">0</subfield>
    <subfield code="8">LJ</subfield>
    <subfield code="a">BPMOS</subfield>
    <subfield code="b">BPMOS</subfield>
    <subfield code="c">FIC</subfield>
    <subfield code="d">2025-05-06</subfield>
    <subfield code="e">Compra 2024</subfield>
    <subfield code="i">NT</subfield>
    <subfield code="l">3</subfield>
    <subfield code="o">JN CAWc</subfield>
    <subfield code="p">MOS504387</subfield>
    <subfield code="q">2026-06-19</subfield>
    <subfield code="r">2026-06-02</subfield>
    <subfield code="s">2026-06-02</subfield>
    <subfield code="t">Ej.1</subfield>
    <subfield code="w">2025-05-06</subfield>
    <subfield code="y">BKLIT</subfield>
    <subfield code="z">Quince dias</subfield>
  </datafield>
  <datafield tag="952" ind1=" " ind2=" ">
    <subfield code="0">0</subfield>
    <subfield code="1">0</subfield>
    <subfield code="2">ddc</subfield>
    <subfield code="4">0</subfield>
    <subfield code="7">0</subfield>
    <subfield code="8">LJ</subfield>
    <subfield code="a">BPMOS</subfield>
    <subfield code="b">BPMOS</subfield>
    <subfield code="c">FIC</subfield>
    <subfield code="d">2025-05-06</subfield>
    <subfield code="e">Compra 2024</subfield>
    <subfield code="i">NT</subfield>
    <subfield code="l">2</subfield>
    <subfield code="o">JN CAWc</subfield>
    <subfield code="p">MOS504388</subfield>
    <subfield code="r">2026-02-20</subfield>
    <subfield code="s">2026-01-30</subfield>
    <subfield code="t">Ej.2</subfield>
    <subfield code="w">2025-05-06</subfield>
    <subfield code="y">BKLIT</subfield>
    <subfield code="z">Quince dias</subfield>
  </datafield>
</record>
